000 00545 a2200205 4500
005 20260112150625.0
008 260112b |||||||| |||| 00| 0 eng d
020 _a9789390461882
_cRs. 800.00
040 _aMAIN
082 _a796.07
_bB469A
100 _aBhandari, Poonam
245 _aAthletics care and rehabilitation
260 _bKhel Sahitya Kendra
_c2025
_aNew Delhi
300 _a157
650 _aPhysical Education
650 _aSports Medicine
650 _aSports Rehabilitation
700 _aSwatendra Singh
942 _cBK
999 _c393709
_d393709